000 00508nam a2200181Ia 4500
005 20250326124827.0
008 250326s9999 xx 000 0 und d
037 _aTextbook
040 _aFMSL
_beng
_cFMSL
041 _aeng
_2eng
084 _aX:8D K53
_qFMSL
100 _aBrandt L K
_9738056
245 0 _aBusiness fice a management approach
_cBrandt L K
260 _aNew Jersey
_bNew Jersey, Prentice-Hall
_c1965
300 _a633p
942 _cTB
_hX:8D K53
999 _c1275394
_d1275394